000 00330nam a22001217a 4500
008 160521b xxu||||| |||| 00| 0 eng d
020 _a9780940780491
020 _a0940780496
041 _aeng
080 _a579
245 _aClinical microbiology made ridiculously simple:
_cMark Gladwin M.D; Bill Trattler M.D;
942 _2udc
_cBK
999 _c2346
_d2346